[Event "Challenge"]
[Site "http://www.queenalice.com/game.php?id=1023069"]
[Date "2012.1.31"]
[Round "-"]
[White "Lintz"]
[Black "Mauricio1964"]
[Result "1-0"]
[WhiteElo "1754"]
[BlackElo "1978"]

1. e4 e5 2. Nf3 Nc6 3. Bb5 d6 4. d4 Bd7 5. c4 exd4 6. Nxd4 Nxd4 7. Bxd7+ Qxd7 8.
Qxd4 c5 9. Qd1 Nf6 10. O-O Be7 11. b3 Nxe4 12. Bb2 O-O 13. Re1 f5 14. Nd2 Nxd2
15. Qxd2 Bf6 16. Bxf6 Rxf6 17. Rad1 Rd8 18. f4 a6 19. Re3 Kf8 20. Rde1 Rf7 21.
Re6 g6 22. Qc3 Rg7 23. Qf6+ Kg8 24. Re7 Rxe7 25. Rxe7 Qxe7 26. Qxe7 1-0

[Event "Challenge"]
[Site "http://www.queenalice.com/game.php?id=1023070"]
[Date "2012.1.31"]
[Round "-"]
[White "Mauricio1964"]
[Black "Lintz"]
[Result "1-0"]
[WhiteElo "1967"]
[BlackElo "1841"]

1. e4 e5 2. Nf3 Nf6 3. Nc3 d6 4. h3 c6 5. d4 exd4 6. Nxd4 Be7 7. Bc4 O-O 8. Be3
b5 9. Bd3 Bb7 10. f4 b4 11. Nce2 c5 12. Nf5 Bxe4 13. Bxe4 Nxe4 14. Qd5 1-0

[Event "Challenge"]
[Site "http://www.queenalice.com/game.php?id=1046301"]
[Date "2012.4.6"]
[Round "-"]
[White "Lintz"]
[Black "Mauricio1964"]
[Result "0-1"]
[WhiteElo "1811"]
[BlackElo "1953"]

1. e4 e5 2. Nf3 Nc6 3. Bb5 Nge7 4. Nc3 a6 5. Bxc6 Nxc6 6. d4 Bb4 7. Bd2 exd4 8.
Ne2 Bxd2+ 9. Qxd2 d5 10. exd5 Qxd5 11. Nfxd4 Qxg2 12. Rg1 Qxh2 13. Rxg7 Bd7 14.
Qe3+ Ne5 15. f4 Qh4+ 16. Qg3 Qxg3+ 17. Rxg3 Nc4 18. O-O-O O-O-O 19. Rdg1 h5 20.
Rh1 Nd6 21. Nf3 Bg4 22. Nc3 Nf5 0-1

[Event "Challenge"]
[Site "http://www.queenalice.com/game.php?id=1046302"]
[Date "2012.4.6"]
[Round "-"]
[White "Mauricio1964"]
[Black "Lintz"]
[Result "0-1"]
[WhiteElo "1946"]
[BlackElo "1880"]

1. e4 d6 2. Nf3 e5 3. Bc4 Bg4 4. Nc3 c6 5. d3 Nf6 6. Bg5 Be7 7. Bxf6 Bxf6 8. h3
Bd7 9. d4 b5 10. dxe5 dxe5 11. Bb3 O-O 12. Qd3 a5 13. a3 Re8 14. O-O-O Qc7 15.
g4 g6 16. g5 Bg7 17. h4 Bg4 18. Rdg1 Be6 19. Nd2 Bxb3 20. cxb3 Na6 21. Na2 Red8
22. Qe2 Rd7 23. h5 Rad8 24. Nf3 Nc5 25. Qe3 Nxb3+ 26. Qxb3 Rd3 27. Qc2 Rxf3 28.
hxg6 fxg6 29. Rd1 Rxd1+ 30. Rxd1 Bf8 31. Kb1 Rf7 32. b4 axb4 33. Nxb4 Bxb4 34.
axb4 Rf8 35. Qc5 Rd8 36. Rxd8+ Qxd8 37. Qxc6 Qxg5 38. Qxb5 Qg1+ 39. Kc2 Qxf2+
40. Kc3 Qe3+ 41. Qd3 Qxd3+ 42. Kxd3 Kf7 43. Kc4 h5 44. Kd5 h4 45. b5 Ke7 46. Kc6
h3 47. b6 h2 48. b7 h1=Q 49. b8=Q Qxe4+ 50. Kc5 Qd4+ 51. Kc6 Qc4+ 52. Kb7 Qb5+
0-1

[Event "AUTO-ADV-2486"]
[Site "http://www.queenalice.com/game.php?id=1053673"]
[Date "2012.4.28"]
[Round "1"]
[White "Mauricio1964"]
[Black "vivafischer"]
[Result "0-1"]
[WhiteElo "1959"]
[BlackElo "2263"]

1. e4 e5 2. Nf3 Nc6 3. Bc4 Nf6 4. Nc3 Be7 5. d3 O-O 6. Bg5 d6 7. Qd2 a6 8. a3
Be6 9. Nd5 b5 10. Ba2 Nb8 11. h4 c6 12. Nxf6+ Bxf6 13. c4 Nd7 14. h5 Bxg5 15.
Nxg5 Qe7 16. h6 g6 17. O-O-O Nc5 18. f4 bxc4 19. dxc4 Rfd8 20. f5 gxf5 21. exf5
Bxf5 22. Qe3 a5 23. Rdf1 Bg6 24. Bb1 Rf8 25. Bxg6 fxg6 26. Ne4 Ne6 27. Rf2 Rxf2
28. Nxf2 Nd4 29. Qe4 Qf7 30. Nd1 Qxc4+ 31. Nc3 Rf8 32. Rd1 Rf2 33. Qd3 Ne2+ 34.
Kb1 Nxc3+ 35. Qxc3 Qxc3 0-1

[Event "AUTO-ADV-2486"]
[Site "http://www.queenalice.com/game.php?id=1053674"]
[Date "2012.4.28"]
[Round "1"]
[White "vivafischer"]
[Black "Mauricio1964"]
[Result "1-0"]
[WhiteElo "2260"]
[BlackElo "1963"]

1. e4 e5 2. Nf3 Nc6 3. Bb5 Nge7 4. c3 a6 5. Bc4 h6 6. d4 b5 7. Bb3 d6 8. h3 Na5
9. dxe5 Nxb3 10. axb3 Bb7 11. exd6 Bxe4 12. dxe7 Qxd1+ 13. Kxd1 Bxf3+ 14. gxf3
Bxe7 15. Bf4 c5 16. Re1 Kd7 17. Nd2 g5 18. Be3 f5 19. f4 g4 20. hxg4 fxg4 21.
Ne4 Kc6 22. Kc2 h5 23. c4 b4 24. Ng3 h4 25. Nf5 Bf8 26. Rh1 Re8 27. Rxa6+ Kc7
28. Rxh4 Rxh4 29. Nxh4 Kb7 30. Rg6 g3 31. Rxg3 Kc6 32. Rg6+ Kc7 33. Rg8 Rd8 34.
Ng6 Bd6 35. Rxd8 Kxd8 36. Kd3 Ke8 37. Ne5 Ke7 38. Ke4 Ke6 39. f5+ 1-0

[Event "AUTO-ADV-2486"]
[Site "http://www.queenalice.com/game.php?id=1053675"]
[Date "2012.4.28"]
[Round "1"]
[White "Mauricio1964"]
[Black "FPM"]
[Result "0-1"]
[WhiteElo "1936"]
[BlackElo "1991"]

1. d4 d5 2. c4 c6 3. Nc3 Bg4 4. h3 Bh5 5. Qd3 Bg6 6. Qf3 e6 7. c5 b6 8. b4 Nd7
9. e4 dxe4 10. Nxe4 Rc8 11. Ba6 Rb8 12. Ne2 Ngf6 13. Nxf6+ Nxf6 14. Qxc6+ Nd7
15. Bf4 bxc5 16. Bc7 Be4 17. Bxd8 Bxc6 18. Ba5 cxb4 19. O-O Bd6 20. Rfb1 O-O 21.
Nc1 e5 22. Nd3 Be4 23. Rb3 Bxd3 24. Bxd3 exd4 25. Rab1 Nc5 26. Rxb4 Nxd3 27.
R4b3 Rxb3 28. axb3 Bc5 29. Rd1 Nf4 30. Kf1 Re8 31. b4 Bb6 32. Bxb6 axb6 33. Rxd4
Ne6 34. Rd6 Rb8 35. g3 b5 36. Ke2 g6 37. Ke3 Kg7 38. Ke4 Rc8 39. Ke5 Rc4 40. f4
Rxb4 41. h4 h5 42. f5 gxf5 43. Kxf5 Rb1 44. g4 Rf1+ 45. Ke4 hxg4 46. Rb6 g3 47.
Rxb5 g2 48. Rg5+ Nxg5+ 0-1

[Event "AUTO-ADV-2486"]
[Site "http://www.queenalice.com/game.php?id=1053676"]
[Date "2012.4.28"]
[Round "1"]
[White "FPM"]
[Black "Mauricio1964"]
[Result "1-0"]
[WhiteElo "1872"]
[BlackElo "1946"]

1. Nf3 Nc6 2. e4 e5 3. d4 exd4 4. Nxd4 Qf6 5. c3 Bc5 6. Be3 Nxd4 7. cxd4 Bb4+ 8.
Nd2 Ne7 9. Bd3 d6 10. O-O Bd7 11. Nf3 d5 12. e5 Qb6 13. a3 Ba5 14. b4 Bxb4 15.
axb4 Qxb4 16. Rb1 Qa4 17. Qxa4 Bxa4 18. Rxb7 c6 19. Rfb1 Nc8 20. Rb8 Rxb8 21.
Rxb8 O-O 22. Rb7 f5 23. exf6 Rxf6 24. Rc7 Rf8 25. Ne5 Bb5 26. Bxb5 cxb5 27. Rd7
a5 28. Rxd5 Na7 29. Rd7 Nc8 30. d5 a4 31. Nd3 Rf5 32. Bc5 g5 33. Rd8+ Kg7 34.
Rxc8 Rxd5 35. Ne1 h5 36. Kf1 Kg6 37. h3 Rd1 38. Rb8 Rb1 39. Ke2 Rb3 40. Kd2 a3
41. Nc2 a2 42. Bd4 Kf5 43. Ra8 g4 44. hxg4+ hxg4 45. Ba1 Ke4 46. Rxa2 b4 47. Ra4
1-0

[Event "AUTO-ADV-2486"]
[Site "http://www.queenalice.com/game.php?id=1053677"]
[Date "2012.4.28"]
[Round "1"]
[White "Mauricio1964"]
[Black "MariusLola"]
[Result "1-0"]
[WhiteElo "1936"]
[BlackElo "1777"]

1. e4 e5 2. Nf3 Nc6 3. Bc4 f5 4. d3 f4 5. Nxe5 Nxe5 6. Bxf4 Nxc4 7. dxc4 d6 8.
e5 Qe7 9. Qe2 dxe5 10. Qxe5 Bf5 11. O-O Qxe5 12. Bxe5 Bxc2 13. Nc3 O-O-O 14. Bf4
Nf6 15. Rac1 Bd3 16. Rfe1 Bxc4 17. b3 Ba6 18. Ne4 c6 19. Ng5 Rd5 20. Nf7 Rg8 21.
h3 Bb4 22. Red1 Kd7 23. Rxd5+ Nxd5 24. Rd1 Be2 25. Rd4 Ke7 26. Ng5 Nxf4 27. Rxf4
h6 28. Rxb4 hxg5 29. Re4+ Kd7 30. Rxe2 Rd8 31. Re5 b5 32. Rxg5 Rg8 33. f4 Ke7
34. g4 a5 35. a3 Kd6 36. a4 bxa4 37. bxa4 c5 38. Kf2 1-0

[Event "AUTO-ADV-2486"]
[Site "http://www.queenalice.com/game.php?id=1053678"]
[Date "2012.4.28"]
[Round "1"]
[White "MariusLola"]
[Black "Mauricio1964"]
[Result "1-0"]
[WhiteElo "1889"]
[BlackElo "1955"]

1. e4 e5 2. Nf3 Nc6 3. Nc3 Nf6 4. Bc4 Bc5 5. O-O d6 6. a3 a6 7. b4 Ba7 8. Ng5
O-O 9. b5 Nd4 10. bxa6 bxa6 11. Nd5 Be6 12. c3 Nc6 13. Nxf6+ Qxf6 14. Nxe6 fxe6
15. d3 Bxf2+ 16. Kh1 Na5 17. Be3 Qh4 18. g3 Bxg3 19. Rxf8+ Rxf8 20. Bxe6+ Kh8
21. Ra2 Rf6 22. Rg2 Be1 23. Bf5 g6 24. Bg5 Qh5 25. Bxf6+ 1-0

[Event "Challenge"]
[Site "http://www.queenalice.com/game.php?id=1090058"]
[Date "2012.8.4"]
[Round "-"]
[White "Lintz"]
[Black "Mauricio1964"]
[Result "0-1"]
[WhiteElo "1843"]
[BlackElo "1927"]

1. e4 e5 2. Nf3 Nc6 3. Bb5 Nge7 4. Nc3 a6 5. Be2 d5 6. exd5 Nxd5 7. Nxd5 Qxd5 8.
d3 Bc5 9. O-O O-O 10. a3 f5 11. c4 Qd6 12. Rb1 e4 13. dxe4 Qxd1 14. Rxd1 fxe4
15. b4 exf3 16. Bxf3 Ba7 17. Bb2 Bf5 18. Rbc1 Rae8 19. g4 Be4 20. Rd7 Ne5 21.
Bxe5 Rxe5 22. Bxe4 Bxf2+ 23. Kg2 Rxe4 24. h3 Be3 25. Re1 Rff4 26. Rd3 Bd4 27.
Rxe4 Rxe4 28. Kf3 Re1 29. Rxd4 Rc1 30. Rd3 Rxc4 31. h4 c5 32. bxc5 Rxc5 33. g5
b5 34. Kg3 a5 35. Kf3 Rc4 36. Kg3 b4 37. axb4 axb4 38. h5 Rc3 39. Rxc3 bxc3 0-1

[Event "Challenge"]
[Site "http://www.queenalice.com/game.php?id=1090059"]
[Date "2012.8.4"]
[Round "-"]
[White "Mauricio1964"]
[Black "Lintz"]
[Result "1/2-1/2"]
[WhiteElo "1922"]
[BlackElo "1826"]

1. e4 e5 2. Nf3 Nf6 3. Bc4 Nxe4 4. Bxf7+ Kxf7 5. Nxe5+ Kg8 6. Qf3 Nf6 7. Qb3+ d5
8. d4 c6 9. Bg5 Be7 10. Nd2 Be6 11. h4 b5 12. h5 Ne4 13. Be3 Nxd2 14. Bxd2 Bf6
15. Qg3 Nd7 16. h6 Bxe5 17. dxe5 g6 18. O-O-O Qc7 19. f4 Kf7 20. Qf3 Raf8 21.
Be1 Ke8 22. Qe3 c5 23. Kb1 Kd8 24. Bh4+ Kc8 25. Be7 Re8 26. Bd6 Qc6 27. Rh4 Nb6
28. Bxc5 Bf5 29. g4 Be4 30. Ka1 Kb7 31. c3 a5 32. b3 Nd7 33. Bd4 Rhf8 34. a3 Bc2
35. Rf1 Bxb3 36. Kb2 Bc4 37. Rf2 Nf6 38. f5 gxf5 39. Rxf5 a4 40. Qg5 Nd7 41. Rh3
Rg8 1/2-1/2

[Event "AUTO-MASTER-1707"]
[Site "http://www.queenalice.com/game.php?id=1090115"]
[Date "2012.8.4"]
[Round "1"]
[White "Mauricio1964"]
[Black "celsolrc"]
[Result "0-1"]
[WhiteElo "1973"]
[BlackElo "2014"]

1. d4 e6 2. Nf3 c5 3. Bf4 d5 4. e3 Nc6 5. Bb5 Bd7 6. Bxc6 bxc6 7. Nc3 cxd4 8.
Nxd4 Nf6 9. f3 a6 10. a3 Be7 11. e4 c5 12. Nb3 d4 13. Ne2 O-O 14. c3 Bb5 15.
cxd4 c4 16. Nd2 Nh5 17. Be3 f5 18. O-O fxe4 19. fxe4 Rxf1+ 20. Nxf1 Bg5 21. Bxg5
Qxg5 22. d5 Rd8 23. a4 Be8 24. Nd4 Bf7 25. Qc2 exd5 26. Re1 dxe4 27. Rxe4 Nf4
28. Ne3 Bg6 29. Qxc4+ Kh8 30. Nf3 Nh3+ 31. Kf1 Bxe4 32. Nxg5 Bd3+ 33. Qxd3 Rxd3
34. Ke2 Nf4+ 35. Kf3 Nxg2 36. Kxg2 Rxe3 37. b4 Ra3 38. Ne6 Rxa4 39. Nc7 Rxb4 40.
Nxa6 Rb6 41. Nc5 h5 42. Nd3 g5 43. Ne5 Kg7 44. h3 Rb5 0-1

[Event "AUTO-MASTER-1707"]
[Site "http://www.queenalice.com/game.php?id=1090116"]
[Date "2012.8.4"]
[Round "1"]
[White "celsolrc"]
[Black "Mauricio1964"]
[Result "1-0"]
[WhiteElo "2028"]
[BlackElo "1959"]

1. c4 e5 2. Nc3 Nf6 3. g3 Bb4 4. Bg2 c6 5. a3 Bxc3 6. bxc3 d6 7. d3 Bf5 8. e4
Be6 9. f4 Qb6 10. Nf3 Ng4 11. Qe2 Nd7 12. f5 Bxc4 13. dxc4 Qb3 14. O-O Nb6 15.
h3 Nf6 16. Bd2 Nxc4 17. Rfb1 Qa4 18. Rb4 Qa6 19. Qxc4 Qxc4 20. Rxc4 O-O 21. Rb4
b5 22. Bg5 c5 23. Rxb5 Nxe4 24. g4 Nxc3 25. Rb7 e4 26. Nd2 d5 27. Bf1 a6 28. f6
c4 29. Rc1 Nb5 30. Nxc4 dxc4 31. Bxc4 Nd6 32. fxg7 Kxg7 33. Rb6 Nxc4 34. Rxc4
Rfe8 35. Kf2 a5 36. Ke3 Re6 37. Rxe6 fxe6 38. Kxe4 Rb8 39. Ra4 Rb5 40. Bd8 Rb3
41. h4 h6 42. Rxa5 Kg6 43. h5+ Kf7 44. g5 hxg5 45. Bxg5 1-0

[Event "AUTO-MASTER-1707"]
[Site "http://www.queenalice.com/game.php?id=1090117"]
[Date "2012.8.4"]
[Round "1"]
[White "Mauricio1964"]
[Black "spitty"]
[Result "0-1"]
[WhiteElo "1938"]
[BlackElo "2316"]

1. d4 d5 2. c4 e6 3. Nf3 Nf6 4. Nc3 Be7 5. Bg5 O-O 6. e3 dxc4 7. Bxc4 h6 8. Bh4
a6 9. a3 Nbd7 10. h3 b5 11. Bd3 c5 12. Ne5 Bb7 13. Nf3 cxd4 14. exd4 Qb6 15. Qd2
Bxf3 16. gxf3 Rac8 17. Ne4 Nxe4 18. Bxe4 Bxh4 19. f4 Nf6 20. Bc2 Qc6 0-1

[Event "AUTO-MASTER-1707"]
[Site "http://www.queenalice.com/game.php?id=1090118"]
[Date "2012.8.4"]
[Round "1"]
[White "spitty"]
[Black "Mauricio1964"]
[Result "1-0"]
[WhiteElo "2456"]
[BlackElo "1940"]

1. d4 d5 2. Nf3 c5 3. dxc5 Nc6 4. e4 Qa5+ 5. Bd2 Qxc5 6. exd5 Qxd5 7. Nc3 Qd8 8.
Be3 Qxd1+ 9. Rxd1 Be6 10. Nb5 Rc8 11. Nxa7 Nxa7 12. Bxa7 Nf6 13. Ne5 Nd7 14. Bb5
Kd8 15. Bb6+ Rc7 16. Bxd7 Bxd7 17. Rxd7+ Ke8 18. Rxc7 f6 19. Rc8# 1-0

[Event "AUTO-MASTER-1707"]
[Site "http://www.queenalice.com/game.php?id=1090119"]
[Date "2012.8.4"]
[Round "1"]
[White "Mauricio1964"]
[Black "vivafischer"]
[Result "1-0"]
[WhiteElo "1927"]
[BlackElo "2278"]

1. e4 e6 2. Nf3 c5 3. Nc3 Nc6 4. Bc4 d5 5. exd5 exd5 6. Bxd5 Nf6 7. Bxc6+ bxc6
8. d3 Bd6 9. Bg5 O-O 10. Ne4 Re8 11. O-O Be7 12. Re1 1-0

[Event "AUTO-MASTER-1707"]
[Site "http://www.queenalice.com/game.php?id=1090120"]
[Date "2012.8.4"]
[Round "1"]
[White "vivafischer"]
[Black "Mauricio1964"]
[Result "0-1"]
[WhiteElo "1958"]
[BlackElo "1957"]

1. e4 e5 2. Nf3 Nc6 3. Bb5 Nge7 4. O-O a6 5. Ba4 b5 6. Bb3 h6 7. c3 d5 8. exd5
Nxd5 9. d4 e4 10. Re1 Bf5 11. Nbd2 Nf6 12. Nxe4 Bxe4 13. Nd2 Be7 14. Nxe4 O-O
15. Bf4 Nxe4 16. Rxe4 Na5 0-1